Capoluoghi di Provincia e Regioni - Quiz n°6 - Statistics

Statistiche generali
  • Questo quiz è stato fatto 59 volte
  • Il punteggio medio è 9 su 10
Statistiche sulle risposte
Hint Risposta % Corretto
Asti Piemonte
98%
Trento Trentino-Alto Adige
98%
Ascoli Piceno Marche
91%
Bologna Emilia-Romagna
89%
Teramo Abruzzo
87%
Belluno Veneto
87%
Rimini Emilia-Romagna
85%
Pesaro Marche
85%
Barletta Puglia
85%
Carbonia Sardegna
81%
Nessun quiz corrispondente trovato
Distribuzione punteggi
Percentuale di utenti per punteggio
Percentile per numero di risposta
I tuoi punteggi nel tempo
Non hai fatto questo quiz